1764 1526 1849 1638 1719 1560 1136 1454 1423 1640 1861 1325 1921 1353 1897 1140 1658 1398 1202 1303 1660 1356 1132 1878 1616 1916 1595 1213 1501 1096 1140 1057 1904 1305 1491 1025 1471 1947 1192 1159 1341 1285 1315 1451 1064 1212 1784 1003 1725 1794 1917 1366 1200 1993 1137 1200 1226 1414 1984 1357 1413 1252 1839 1885 1564 1780 1497 1869 1459 1090 1012 1074 1776 1780 1354 1807 1706 1965 1314 1109 1528 1358 1034 1724 1087 1088 1105 1338 1652 1641 1255 1774 1506 1506 1589 1698 1504 1142 1281 BCNSPRNW ULIB Ver.6.0+V

เปลี่ยนเป็นภาษาไทย

Change to English
 แสดงรายละเอียดบรรณานุกรม
  กลับหน้าหลัก

Brief Record : Get Marc (ISO 2709) : E-mail record : QR code < ปิดหน้าต่าง
LEADER : 00000nam 2200000uu 4500
001    13399126585
003     ULIB
008    020711s2561 th a 000 0 tha d
020    ^a9786168145111
050    ^aนว^bพ576ด
100    ^aพันธุ์พเยีย
245    ^aดาราพราวแสง ซีรีส์ชุดสี่ดรุณี/^cพันธุ์พเยีย
260    ^aกรุงเทพฯ :^bบางรักษ์,^c2561
300    ^a432 หน้า;^b26 ซม.
650    ^aนวนิยาย
945    ^p340^l0^i004780
999    ^aประนอม เกษจรัล
รายการนี้ยังไม่มีแท็ก
คุณยังไม่ได้ล็อกอิน คุณสามารถมีกิจกรรมร่วมกับเว็บไซต์ได้ แต่ต้องล็อกอินก่อน ::
  ล็อกอิน

รายการสื่อสารสนเทศ

ลำดับที่ ประเภท เลขเรียก/บาร์โค้ด สถานที่ สถานะ
1. นวนิยาย
นวนิยาย
นว พ576ด ฉ.1 
  Barcode: 004780
ห้องสมุดวิทยาเขตสวรรค์ประชารักษ์
►นวนิยาย
บนชั้น
  ขอยืม

รายการใกล้เคียง
    ผู้แต่ง [พันธุ์พเยีย]

    หัวเรื่อง [นวนิยาย]

BibComment


ยังไม่เคยถูกคอมเมนท์

คอมเมนท์ทรัพยากรรายการนี้
  คอมเมนท์: ดาราพราวแสง ซีรี..


 Copyright 2026. Bcnsprnw @Library